[Event "BCF-chT2 2324 (4NCL)"]
[Site "England"]
[Date "2024.01.13"]
[Round "3.2"]
[White "Hng, Mei Xian Eunice"]
[Black "Forster, Matthew"]
[Result "1-0"]
[WhiteElo "2003"]
[BlackElo "2080"]
[PlyCount "79"]
[EventDate "2023.11.11"]
[EventType "team-tourn"]
[EventRounds "11"]
[EventCountry "ENG"]
[SourceTitle "CB11_2024"]
[SourceDate "2024.03.13"]
[SourceVersion "1"]
[SourceVersionDate "2024.03.13"]
[SourceQuality "1"]
[WhiteTeam "The Audible Checks"]
[BlackTeam "Sussex Martlets"]
[WhiteTeamCountry "ENG"]
[BlackTeamCountry "ENG"]

1. Nf3 c5 2. c4 Nc6 3. Nc3 g6 4. e3 Bg7 5. d4 cxd4 6. exd4 d6 7. Be2 Nf6 8. 0-0 0-0 9. h3 Re8 10. Bf4 Qb6 11. Qd2 Bf5 12. d5 Nb8 13. Be3 Qd8 14. Nd4 Bd7 15. b4 Na6 16. Rab1 Nc7 17. Bf3 Na6 18. Rfc1 Qc8 19. a4 b6 20. Qa2 Bf5 21. Nxf5 Qxf5 22. Nb5 h5 23. Nd4 Qd7 24. Qd2 Rac8 25. Nb5 Rb8 26. Qa2 Rec8 27. a5 bxa5 28. Qxa5 Nc7 29. Nxa7 Ra8 30. b5 Rcb8 31. b6 Nce8 32. Bd1 Qf5 33. Qa6 Ne4 34. Bc2 Qe5 35. Bxe4 Qxe4 36. b7 Be5 37. bxa8Q Rxb1 38. Qxe8+ Kg7 39. Qa5 Qc2 40. Qd2 1-0

[Event "BCF-chT2 2223 (4NCL)"]
[Site "England"]
[Date "2023.05.01"]
[Round "11.33"]
[White "Forster, Matthew"]
[Black "Dishman, Stephen"]
[Result "1/2-1/2"]
[WhiteElo "2119"]
[BlackElo "2267"]
[PlyCount "37"]
[EventDate "2022.10.22"]
[EventType "team-tourn"]
[EventRounds "11"]
[EventCountry "ENG"]
[SourceTitle "EXT 2024"]
[Source "ChessBase"]
[SourceDate "2023.10.10"]
[SourceVersion "1"]
[SourceVersionDate "2023.10.10"]
[SourceQuality "1"]
[WhiteTeam "Sussex Martlets"]
[BlackTeam "KJCA Kings"]
[WhiteTeamCountry "ENG"]
[BlackTeamCountry "ENG"]

1. c4 c6 2. Nf3 d5 3. g3 Bg4 4. Bg2 e6 5. cxd5 Bxf3 6. Bxf3 cxd5 7. d4 Nc6 8. 0-0 Nf6 9. Bg5 Qb6 10. Bxf6 gxf6 11. e3 Qxb2 12. Nd2 Bb4 13. Nb3 0-0 14. a3 Bxa3 15. e4 dxe4 16. Bxe4 f5 17. Bxc6 bxc6 18. Qd3 Bb4 19. Rfc1 1/2-1/2

[Event "BCF-chT2 2223 (4NCL)"]
[Site "England"]
[Date "2022.10.22"]
[Round "1.57"]
[White "Forster, Matthew"]
[Black "Jaszkiwskyj, Peter"]
[Result "1-0"]
[WhiteElo "2119"]
[BlackElo "1874"]
[PlyCount "59"]
[EventDate "2022.10.22"]
[EventType "team-tourn"]
[EventRounds "11"]
[EventCountry "ENG"]
[SourceTitle "EXT 2024"]
[Source "ChessBase"]
[SourceDate "2023.10.10"]
[SourceVersion "1"]
[SourceVersionDate "2023.10.10"]
[SourceQuality "1"]
[WhiteTeam "Sussex Martlets"]
[BlackTeam "The Rookies"]
[WhiteTeamCountry "ENG"]
[BlackTeamCountry "ENG"]

1. d4 d5 2. c4 e6 3. Nf3 Nf6 4. e3 Be7 5. Nc3 0-0 6. Bd3 dxc4 7. Bxc4 c5 8. 0-0 a6 9. a4 Nc6 10. b3 Qc7 11. Qc2 b6 12. Rd1 Bb7 13. Bb2 Rfd8 14. dxc5 Bxc5 15. Ne4 Be7 16. Neg5 Nb4 17. Qe2 h6 18. Nh3 Ng4 19. Nf4 Bd6 20. Nxe6 Bxh2+ 21. Kf1 Rxd1+ 22. Rxd1 Qe7 23. Nxg7 Be5 24. Nf5 Qf6 25. Nxe5 Nxe5 26. Qh5 Kh7 27. Bxe5 Qxe5 28. Qxf7+ Kh8 29. Qxb7 Rg8 30. e4 1-0

[Event "Newcastle Northumbria Masters"]
[Site "Newcastle on Tyne"]
[Date "2022.08.30"]
[Round "8"]
[White "Bharat Kumar, Balahari"]
[Black "Forster, Matthew"]
[Result "0-1"]
[WhiteElo "1738"]
[BlackElo "2058"]
[PlyCount "72"]
[EventDate "2022.08.26"]
[EventType "swiss"]
[EventRounds "9"]
[EventCountry "ENG"]
[SourceTitle "CBM 210 Extra"]
[Source "ChessBase"]
[SourceDate "2022.11.30"]
[SourceVersion "1"]
[SourceVersionDate "2022.11.30"]
[SourceQuality "1"]

1. d4 d5 2. c4 dxc4 3. e3 Nf6 4. Bxc4 e6 5. Nf3 a6 6. 0-0 Be7 7. b3 b5 8. Be2 Nbd7 9. Bb2 Bb7 10. Nbd2 c5 11. a4 b4 12. Nc4 0-0 13. Nfe5 Qc7 14. Bf3 Nxe5 15. dxe5 Rfd8 16. Qc2 Nd5 17. Rfd1 h6 18. a5 Bc6 19. g3 Nxe3 20. fxe3 Bxf3 21. Rf1 Bh5 22. Rf2 Qc6 23. Raf1 Rf8 24. Rc1 Bg6 25. Qe2 Rad8 26. Qg4 Rd3 27. Nd2 Bg5 28. Bd4 Be7 29. Bb2 Qb7 30. e4 Bg5 31. Rc2 Be3 32. Qe2 Bxf2+ 33. Kxf2 Rfd8 34. Nc4 Qxe4 35. Qxe4 Bxe4 36. Nd6 R3xd6 0-1

[Event "Newcastle Northumbria Masters"]
[Site "Newcastle on Tyne"]
[Date "2022.08.29"]
[Round "6"]
[White "Khoury, Theo"]
[Black "Forster, Matthew"]
[Result "0-1"]
[WhiteElo "1821"]
[BlackElo "2058"]
[PlyCount "88"]
[EventDate "2022.08.26"]
[EventType "swiss"]
[EventRounds "9"]
[EventCountry "ENG"]
[SourceTitle "CBM 210 Extra"]
[Source "ChessBase"]
[SourceDate "2022.11.30"]
[SourceVersion "1"]
[SourceVersionDate "2022.11.30"]
[SourceQuality "1"]

1. e4 c5 2. Nf3 g6 3. d4 cxd4 4. Nxd4 Bg7 5. c4 Nc6 6. Be3 Qb6 7. Nb5 Qa5+ 8. Bd2 Qd8 9. N1c3 a6 10. Na3 d6 11. Bd3 Nf6 12. 0-0 0-0 13. h3 Be6 14. Be3 Rc8 15. f4 Nb4 16. Be2 Bd7 17. Qd2 a5 18. Rad1 Bc6 19. Bf3 Nd7 20. Nab5 Na6 21. b3 Nac5 22. Na7 Ra8 23. Nxc6 bxc6 24. e5 Qc7 25. Ne4 Nxe4 26. Bxe4 Rfe8 27. Rfe1 Rad8 28. exd6 exd6 29. Bc2 Nf6 30. Qf2 c5 31. Qf3 Rd7 32. Bd2 Red8 33. f5 d5 34. Bf4 Qb6 35. Bd3 a4 36. cxd5 axb3 37. Bc4 b2 38. Qb3 Qxb3 39. axb3 Nxd5 40. Rxd5 Rxd5 41. Bxd5 Bd4+ 42. Kh1 Rxd5 43. fxg6 hxg6 44. g4 Rd8 0-1

[Event "GBR-ch 108th"]
[Site "Torquay"]
[Date "2022.08.16"]
[Round "4"]
[White "Forster, Matthew"]
[Black "Walker, Martin Graham"]
[Result "1-0"]
[WhiteElo "2058"]
[BlackElo "2135"]
[PlyCount "43"]
[EventDate "2022.08.13"]
[EventType "swiss"]
[EventRounds "9"]
[EventCountry "ENG"]
[SourceTitle "CBM 209 Extra"]
[Source "ChessBase"]
[SourceDate "2022.09.30"]
[SourceVersion "1"]
[SourceVersionDate "2022.09.30"]
[SourceQuality "1"]

1. c4 e5 2. g3 Nc6 3. Nc3 Nf6 4. Nf3 Bc5 5. Nxe5 Bxf2+ 6. Kxf2 Nxe5 7. e4 d6 8. d4 Nc6 9. Be2 0-0 10. Kg2 b6 11. Rf1 h6 12. Rf4 Bb7 13. Be3 Ne7 14. Rxf6 gxf6 15. Bxh6 Re8 16. Bd3 f5 17. d5 f4 18. Bg5 Kg7 19. Qg4 Qc8 20. Bf6+ Kxf6 21. e5+ Kxe5 22. Qxf4# 1-0

[Event "GBR-ch 108th"]
[Site "Torquay"]
[Date "2022.08.15"]
[Round "3"]
[White "Forster, Matthew"]
[Black "Stoyanov, Viktor"]
[Result "0-1"]
[WhiteElo "2058"]
[BlackElo "2246"]
[PlyCount "66"]
[EventDate "2022.08.13"]
[EventType "swiss"]
[EventRounds "9"]
[EventCountry "ENG"]
[SourceTitle "CBM 209 Extra"]
[Source "ChessBase"]
[SourceDate "2022.09.30"]
[SourceVersion "1"]
[SourceVersionDate "2022.09.30"]
[SourceQuality "1"]

1. c4 e5 2. g3 c6 3. d4 e4 4. Nc3 d5 5. Bg2 Bb4 6. e3 Nf6 7. cxd5 cxd5 8. Bd2 Nc6 9. f3 0-0 10. Nge2 exf3 11. Bxf3 Re8 12. 0-0 Bh3 13. Re1 Bg4 14. Bg2 Bxc3 15. bxc3 Qd7 16. Qc2 Rac8 17. Nf4 Bf5 18. Qb2 Na5 19. Bc1 Nc4 20. Qb3 g5 21. Nxd5 Nxd5 22. e4 Nf6 23. e5 h6 24. Bxg5 hxg5 25. exf6 Ne3 26. Re2 Nxg2 27. Rxg2 Qe6 28. Rf2 Bg6 29. d5 Qe5 30. Qxb7 Rxc3 31. Rd1 Rd3 32. Rxd3 Bxd3 33. Qxa7 Qxd5 0-1

[Event "BCF-chT4S 1920 (4NCL)"]
[Site "England"]
[Date "2020.02.09"]
[Round "6.14"]
[White "Fink Nunn, Petra"]
[Black "Forster, Matthew"]
[Result "0-1"]
[WhiteElo "2000"]
[BlackElo "2034"]
[PlyCount "88"]
[EventDate "2019.11.09"]
[EventType "team-swiss"]
[EventRounds "11"]
[EventCountry "ENG"]
[SourceTitle "EXT 2022"]
[Source "ChessBase"]
[SourceDate "2021.10.06"]
[SourceVersion "1"]
[SourceVersionDate "2021.10.06"]
[SourceQuality "1"]
[WhiteTeam "CSC II"]
[BlackTeam "Sussex Martlets II"]
[WhiteTeamCountry "ENG"]
[BlackTeamCountry "ENG"]

1. e4 c5 2. Nf3 g6 3. d4 cxd4 4. Nxd4 Bg7 5. c4 Nc6 6. Be3 d6 7. Nc3 Nf6 8. Be2 0-0 9. Qd2 Nxd4 10. Bxd4 a5 11. b3 Bd7 12. 0-0 Bc6 13. f3 Nd7 14. Bf2 Nc5 15. Rab1 f5 16. exf5 Rxf5 17. Bd1 e6 18. Bc2 Rh5 19. Rfd1 Be5 20. Bg3 Bxg3 21. hxg3 Qf6 22. Ne2 d5 23. Qf4 Qe7 24. cxd5 exd5 25. Nd4 Rf8 26. Qd2 Qc7 27. Ne2 Ne6 28. f4 Bb5 29. Nd4 Qc5 30. Rbc1 Qb6 31. Kf2 Re8 32. g4 Rh1 33. Rxh1 Nxd4 34. Kg3 Re3+ 35. Kh2 Nf3+ 36. gxf3 Re2+ 37. Qxe2 Bxe2 38. Rhg1 Qe3 39. Rce1 Qf2+ 40. Kh3 Qxf3+ 41. Rg3 Bf1+ 42. Kh4 Qxf4 43. Rge3 Kg7 44. Rxf1 Qxe3 0-1

[Event "BCF-chT4S 1920 (4NCL)"]
[Site "England"]
[Date "2020.02.08"]
[Round "5.13"]
[White "Paleri, Adithya P"]
[Black "Forster, Matthew"]
[Result "0-1"]
[WhiteElo "1922"]
[BlackElo "2034"]
[PlyCount "94"]
[EventDate "2019.11.09"]
[EventType "team-swiss"]
[EventRounds "11"]
[EventCountry "ENG"]
[SourceTitle "EXT 2022"]
[Source "ChessBase"]
[SourceDate "2021.10.06"]
[SourceVersion "1"]
[SourceVersionDate "2021.10.06"]
[SourceQuality "1"]
[WhiteTeam "Wood Green Youth"]
[BlackTeam "Sussex Martlets II"]
[WhiteTeamCountry "ENG"]
[BlackTeamCountry "ENG"]

1. d4 d5 2. c4 dxc4 3. e3 Nf6 4. Bxc4 e6 5. Nf3 c5 6. 0-0 a6 7. Bb3 Nc6 8. dxc5 Bxc5 9. Qxd8+ Kxd8 10. Nc3 b5 11. Ng5 Ke7 12. Nce4 Bb6 13. Rd1 h6 14. Nxf6 gxf6 15. Ne4 f5 16. Nd6 Rd8 17. Nxc8+ Raxc8 18. Bd2 a5 19. Bc3 f6 20. Rac1 Rxd1+ 21. Bxd1 b4 22. Bd4 Bxd4 23. exd4 Kd6 24. Ba4 Rc7 25. Rd1 Ne7 26. Kf1 Nd5 27. Ke2 Nb6 28. Bb5 Nc4 29. Bxc4 Rxc4 30. b3 Rc7 31. f4 Kd5 32. Kd3 Rc3+ 33. Kd2 Kxd4 34. Ke2+ Ke4 35. Rd6 Rc2+ 36. Kf1 e5 37. Rxf6 Kxf4 38. Rxh6 Rxa2 39. Rg6 e4 40. h4 Rb2 41. h5 Rxb3 42. h6 Rb1+ 43. Kf2 Rh1 44. Ra6 b3 45. g3+ Kg5 46. Rb6 a4 47. Rb4 a3 0-1

[Event "BCF-chT4S 1920 (4NCL)"]
[Site "England"]
[Date "2019.11.10"]
[Round "2.72"]
[White "Smith, Steven J"]
[Black "Forster, Matthew"]
[Result "0-1"]
[WhiteElo "1658"]
[BlackElo "2034"]
[PlyCount "80"]
[EventDate "2019.11.09"]
[EventType "team-swiss"]
[EventRounds "11"]
[EventCountry "ENG"]
[SourceTitle "EXT 2022"]
[Source "ChessBase"]
[SourceDate "2021.10.06"]
[SourceVersion "1"]
[SourceVersionDate "2021.10.06"]
[SourceQuality "1"]
[WhiteTeam "Wessex IV"]
[BlackTeam "Sussex Martlets II"]
[WhiteTeamCountry "ENG"]
[BlackTeamCountry "ENG"]

1. d4 c5 2. d5 d6 3. c4 Nf6 4. Nc3 g6 5. e4 Bg7 6. f4 Nbd7 7. Nf3 0-0 8. Be2 Re8 9. 0-0 e5 10. dxe6 Rxe6 11. e5 Ne8 12. Ng5 Nb6 13. Nxe6 Bxe6 14. Nd5 dxe5 15. fxe5 Bxe5 16. Be3 Rc8 17. Nxb6 Qxb6 18. Qc2 Nd6 19. Rad1 Nf5 20. Bf2 Qc7 21. h3 Bd4 22. Bd3 Be5 23. b3 Nd4 24. Bxd4 Bxd4+ 25. Kh1 Qg3 26. Rf3 Qh4 27. Rdf1 Re8 28. Rf4 Qh6 29. R4f3 Re7 30. Qc1 Qh5 31. Qf4 Be5 32. Qe4 f6 33. Rxf6 Bxh3 34. Rf8+ Kg7 35. Kg1 Bd4+ 36. R8f2 Rxe4 37. Bxe4 Bg4 38. Bxb7 Be2 39. Bf3 Bxf3 40. gxf3 Qxf3 0-1

[Event "Newcastle Northumbria Masters"]
[Site "Newcastle on Tyne"]
[Date "2019.08.26"]
[Round "6"]
[White "Forster, Matthew"]
[Black "Guha, Chirag"]
[Result "1-0"]
[WhiteElo "1856"]
[BlackElo "1941"]
[PlyCount "83"]
[EventDate "2019.08.23"]
[EventType "swiss"]
[EventRounds "9"]
[EventCountry "ENG"]
[SourceTitle "EXT 2020"]
[Source "ChessBase"]
[SourceDate "2019.10.17"]
[SourceVersion "1"]
[SourceVersionDate "2019.10.17"]
[SourceQuality "1"]

1. d4 d5 2. Nc3 Nf6 3. Bf4 c5 4. e3 cxd4 5. exd4 a6 6. Nf3 Nc6 7. h3 Bf5 8. a3 e6 9. Bd3 Be4 10. Be5 Bxf3 11. Qxf3 Nxe5 12. dxe5 Nd7 13. Qg3 d4 14. Ne4 Qa5+ 15. b4 Qxe5 16. f4 Qc7 17. 0-0 g6 18. h4 Bg7 19. h5 0-0 20. hxg6 fxg6 21. Ng5 Rae8 22. Qh3 Nf6 23. Nxe6 Qc6 24. Rae1 Re7 25. Kh1 Nh5 26. f5 Qd6 27. fxg6 Rxf1+ 28. Rxf1 Ng3+ 29. Kg1 h5 30. Nxg7 Kxg7 31. Rf3 Re3 32. Rf7+ Kh6 33. Qh4 Ne2+ 34. Kf2 Qg3+ 35. Qxg3 Nxg3 36. g7 Nh1+ 37. Kg1 Re1+ 38. Kh2 Nf2 39. g8Q Ng4+ 40. Kg3 Re3+ 41. Kf4 Rxd3 42. Qh7# 1-0

[Event "Telford 4NCL op 22nd"]
[Site "Telford"]
[Date "2019.07.20"]
[Round "3"]
[White "Forster, Matthew"]
[Black "Ortiz Sanchez, Luis"]
[Result "1-0"]
[WhiteElo "1825"]
[BlackElo "1967"]
[PlyCount "55"]
[EventDate "2019.07.19"]
[EventType "swiss"]
[EventRounds "5"]
[EventCountry "ENG"]
[SourceTitle "EXT 2020"]
[Source "ChessBase"]
[SourceDate "2019.10.17"]
[SourceVersion "1"]
[SourceVersionDate "2019.10.17"]
[SourceQuality "1"]

1. c4 b6 2. d4 Bb7 3. Nc3 e6 4. a3 f5 5. Nf3 Nf6 6. g3 Be7 7. Bg2 Ne4 8. 0-0 Nxc3 9. bxc3 0-0 10. d5 Na6 11. Bf4 Bf6 12. Qd2 Nc5 13. Rad1 Ne4 14. Qc2 exd5 15. Nd4 Bxd4 16. cxd4 d6 17. cxd5 Bxd5 18. f3 Ng5 19. Bxg5 Qxg5 20. f4 Qe7 21. Bxd5+ Kh8 22. Bxa8 Rxa8 23. Rf3 Re8 24. d5 Qf7 25. Rc3 Re7 26. Rdd3 h6 27. Re3 Rd7 28. Re6 1-0

[Event "Telford 4NCL op 22nd"]
[Site "Telford"]
[Date "2019.07.19"]
[Round "1"]
[White "Forster, Matthew"]
[Black "Ratnesan, Ranesh"]
[Result "1-0"]
[WhiteElo "1825"]
[BlackElo "2080"]
[PlyCount "111"]
[EventDate "2019.07.19"]
[EventType "swiss"]
[EventRounds "5"]
[EventCountry "ENG"]
[SourceTitle "EXT 2020"]
[Source "ChessBase"]
[SourceDate "2019.10.17"]
[SourceVersion "1"]
[SourceVersionDate "2019.10.17"]
[SourceQuality "1"]

1. c4 e5 2. g3 Nf6 3. Bg2 h6 4. a3 c6 5. d4 d6 6. Nc3 Qc7 7. e3 Be6 8. Qd3 a6 9. Nge2 g6 10. 0-0 Bg7 11. h3 0-0 12. e4 exd4 13. Nxd4 Nbd7 14. Bf4 Ne8 15. Rad1 Ne5 16. Nxe6 fxe6 17. Qe2 c5 18. Kh2 Rd8 19. Bxe5 Bxe5 20. f4 Bd4 21. Qg4 Kh7 22. f5 gxf5 23. exf5 Qg7 24. fxe6 Qxg4 25. hxg4 Rxf1 26. Rxf1 Nf6 27. Nd5 Kg7 28. Nxf6 Bxf6 29. b3 b5 30. Bd5 bxc4 31. Bxc4 a5 32. Bd5 Rb8 33. Rf4 Re8 34. Kg2 Kg6 35. Kf3 Re7 36. Ke2 Re8 37. Kd3 Rc8 38. Ra4 Bd8 39. Re4 Be7 40. Kc4 Rb8 41. Bc6 Rb6 42. Bd7 Rb8 43. Rf4 Bf6 44. a4 Rb4+ 45. Kd5 Rxb3 46. Kxd6 Rxg3 47. Kxc5 Be7+ 48. Kb5 Bd8 49. Rf8 Be7 50. Rf7 Rxg4 51. Rxe7 Rg5+ 52. Kb6 h5 53. Re8 Kf6 54. Ra8 h4 55. Rxa5 Re5 56. Rxe5 1-0

[Event "Basingstoke 4NCL Spring Bank 2nd"]
[Site "Basingstoke"]
[Date "2019.05.27"]
[Round "7"]
[White "Voiculescu Holvad, Stephane"]
[Black "Forster, Matthew"]
[Result "0-1"]
[WhiteElo "1640"]
[BlackElo "1861"]
[PlyCount "112"]
[EventDate "2019.05.24"]
[EventType "swiss"]
[EventRounds "7"]
[EventCountry "ENG"]
[SourceTitle "CBM 190 Extra"]
[Source "ChessBase"]
[SourceDate "2019.07.15"]
[SourceVersion "1"]
[SourceVersionDate "2019.07.15"]
[SourceQuality "1"]

1. d4 c5 2. d5 d6 3. c4 Nf6 4. Nc3 g6 5. e4 Bg7 6. Nf3 0-0 7. Be2 e6 8. 0-0 exd5 9. cxd5 Re8 10. Nd2 Na6 11. Bf3 Nc7 12. a4 b6 13. Re1 Rb8 14. Nc4 Ba6 15. Na3 h6 16. h3 Qd7 17. Bf4 Re7 18. e5 Rbe8 19. Qd2 dxe5 20. Bxh6 Qd6 21. Bg5 Rd7 22. Bxf6 Qxf6 23. Rad1 Qd6 24. Ne4 Qf8 25. Nc3 Red8 26. Be2 Bxe2 27. Rxe2 Ne6 28. Qe1 Nd4 29. Re3 f5 30. h4 Qf6 31. Rh3 Re8 32. Qf1 e4 33. Qc4 Kh7 34. Nab5 Red8 35. b4 a6 36. Nxd4 cxd4 37. Ne2 Rxd5 38. Qxa6 d3 39. Nf4 R5d6 40. Qb7 R8d7 41. Qc8 Qc3 42. Qxc3 Bxc3 43. b5 Be5 44. g3 Bxf4 45. gxf4 Rc7 46. Kg2 Rc4 47. Rhh1 Rxa4 48. Ra1 Rb4 49. Rhb1 Rc4 50. Rc1 Rc2 51. Rxc2 dxc2 52. Rc1 Rd2 53. Kg3 Kh6 54. f3 e3 55. Kh3 e2 56. Kg3 Rd1 0-1

[Event "Basingstoke 4NCL Spring Bank 2nd"]
[Site "Basingstoke"]
[Date "2019.05.26"]
[Round "5"]
[White "Forster, Matthew"]
[Black "Ross, Stuart"]
[Result "1-0"]
[WhiteElo "1861"]
[BlackElo "1599"]
[PlyCount "35"]
[EventDate "2019.05.24"]
[EventType "swiss"]
[EventRounds "7"]
[EventCountry "ENG"]
[SourceTitle "CBM 190 Extra"]
[Source "ChessBase"]
[SourceDate "2019.07.15"]
[SourceVersion "1"]
[SourceVersionDate "2019.07.15"]
[SourceQuality "1"]

1. c4 Nf6 2. g3 e6 3. Bg2 d5 4. Nf3 Be7 5. 0-0 0-0 6. d4 dxc4 7. Qc2 a6 8. a4 c5 9. dxc5 Qc7 10. Bf4 Qxc5 11. Nbd2 Bd6 12. Be3 Qc7 13. Nxc4 Nd5 14. Bd2 Nd7 15. Rfc1 N5b6 16. Nxd6 Qxd6 17. e4 e5 18. a5 1-0

[Event "Basingstoke 4NCL Spring Bank 2nd"]
[Site "Basingstoke"]
[Date "2019.05.24"]
[Round "1"]
[White "Forster, Matthew"]
[Black "Seymour, Timothy P"]
[Result "1/2-1/2"]
[WhiteElo "1861"]
[BlackElo "2130"]
[PlyCount "102"]
[EventDate "2019.05.24"]
[EventType "swiss"]
[EventRounds "7"]
[EventCountry "ENG"]
[SourceTitle "CBM 190 Extra"]
[Source "ChessBase"]
[SourceDate "2019.07.15"]
[SourceVersion "1"]
[SourceVersionDate "2019.07.15"]
[SourceQuality "1"]

1. c4 e6 2. g3 d5 3. Bg2 Nf6 4. Nf3 dxc4 5. 0-0 a6 6. a4 Nc6 7. Na3 Na5 8. Qc2 Qd5 9. Rd1 Bd7 10. d3 Nb3 11. Ra2 Nxc1 12. Qxc1 Bxa4 13. Nd2 Qd7 14. Naxc4 Bc5 15. Rf1 Ng4 16. Ne4 Bd4 17. Qg5 f5 18. e3 Bb3 19. Raa1 Bxc4 20. exd4 Bd5 21. Rae1 0-0 22. Nc5 Qd8 23. Qxd8 Rfxd8 24. Nxe6 Bxe6 25. Rxe6 Rxd4 26. Bxb7 Rb8 27. Bxa6 Rxb2 28. Bc4 Kf8 29. Rfe1 Rd8 30. Re7 Nh6 31. h3 c5 32. g4 fxg4 33. hxg4 Rb1 34. Rxb1 Kxe7 35. Re1+ Kf8 36. Re4 Rd4 37. f3 Rxe4 38. dxe4 Nf7 39. Kf2 Ne5 40. Bd5 g5 41. Ke3 Ng6 42. Bb3 Ke7 43. Kd2 Kd6 44. Kc3 Ne5 45. Bd1 Kc6 46. Be2 Kb6 47. Kd2 Ka5 48. Ke3 Ng6 49. e5 Nxe5 50. f4 gxf4+ 51. Kxf4 Nxg4 1/2-1/2

[Event "BCF-chT3S 1819 (4NCL) Demotion pool"]
[Site "England"]
[Date "2019.05.06"]
[Round "11.82"]
[White "Forster, Matthew"]
[Black "Amato, Giampiero"]
[Result "0-1"]
[WhiteElo "1997"]
[BlackElo "1994"]
[PlyCount "82"]
[EventDate "2019.04.14"]
[EventType "team-tourn"]
[EventRounds "11"]
[EventCountry "ENG"]
[SourceTitle "EXT 2021"]
[Source "ChessBase"]
[SourceDate "2020.10.23"]
[SourceVersion "1"]
[SourceVersionDate "2020.10.23"]
[SourceQuality "1"]
[WhiteTeam "Sussex Martlets II"]
[BlackTeam "CSC Dragons II"]
[WhiteTeamCountry "ENG"]
[BlackTeamCountry "ENG"]

1. c4 c5 2. g3 g6 3. Bg2 Bg7 4. Nc3 Nc6 5. a3 e6 6. Rb1 Nge7 7. b4 cxb4 8. axb4 0-0 9. Nf3 d6 10. 0-0 b6 11. d4 Bb7 12. Qd3 Re8 13. Ba3 Rc8 14. Rfd1 Qd7 15. e4 h6 16. c5 dxc5 17. bxc5 bxc5 18. Bxc5 Red8 19. Nb5 Ba6 20. Qa3 Bxb5 21. Rxb5 Nxd4 22. Rbb1 Nec6 23. e5 Nxf3+ 24. Bxf3 Qe8 25. Bd6 Nxe5 26. Bb7 Nc4 27. Qa6 Nxd6 28. Bxc8 Nxc8 29. Rxd8 Qxd8 30. Rb8 Qd1+ 31. Kg2 Qd5+ 32. f3 Qd2+ 33. Kh3 Kh7 34. Qxc8 g5 35. Qg8+ Kg6 36. Rb7 g4+ 37. fxg4 Qf2 38. Rb3 Qf1+ 39. Kh4 Qg2 40. g5 hxg5+ 41. Kg4 f5# 0-1

[Event "BCF-chT3Sb 1819 (4NCL)"]
[Site "England"]
[Date "2019.04.13"]
[Round "7.71"]
[White "Brown, Thomas"]
[Black "Forster, Matthew"]
[Result "1-0"]
[WhiteElo "2076"]
[BlackElo "1997"]
[PlyCount "63"]
[EventDate "2018.11.17"]
[EventType "team-tourn"]
[EventRounds "7"]
[EventCountry "ENG"]
[SourceTitle "EXT 2021"]
[Source "ChessBase"]
[SourceDate "2020.10.23"]
[SourceVersion "1"]
[SourceVersionDate "2020.10.23"]
[SourceQuality "1"]
[WhiteTeam "Rhyfelwyr Essyllwg"]
[BlackTeam "Sussex Martlets II"]
[WhiteTeamCountry "ENG"]
[BlackTeamCountry "ENG"]

1. Nf3 c5 2. e4 g6 3. d4 cxd4 4. Qxd4 Nf6 5. Nc3 Nc6 6. Qa4 d6 7. e5 dxe5 8. Nxe5 Bd7 9. Nxd7 Qxd7 10. Be3 Bg7 11. Be2 0-0 12. Rd1 Qc7 13. 0-0 a6 14. Qb3 e6 15. Qb6 Qc8 16. Rd2 Nd7 17. Qb3 Qc7 18. Rfd1 Nce5 19. f4 Nc5 20. Qa3 Ned7 21. b4 Rfd8 22. bxc5 Bf8 23. Ne4 Be7 24. Qa4 b5 25. cxb6 Nxb6 26. Rxd8+ Rxd8 27. Rxd8+ Qxd8 28. Qa5 Qa8 29. Qxb6 Qxe4 30. Qb8+ Bf8 31. Bc5 Qxe2 32. Qxf8# 1-0

[Event "BCF-chT3Sb 1819 (4NCL)"]
[Site "England"]
[Date "2019.01.13"]
[Round "4.81"]
[White "Forster, Matthew"]
[Black "Farrand, Tom"]
[Result "0-1"]
[WhiteElo "2042"]
[BlackElo "2153"]
[PlyCount "74"]
[EventDate "2018.11.17"]
[EventType "team-tourn"]
[EventRounds "7"]
[EventCountry "ENG"]
[SourceTitle "EXT 2021"]
[Source "ChessBase"]
[SourceDate "2020.10.23"]
[SourceVersion "1"]
[SourceVersionDate "2020.10.23"]
[SourceQuality "1"]
[WhiteTeam "Sussex Martlets II"]
[BlackTeam "CSC"]
[WhiteTeamCountry "ENG"]
[BlackTeamCountry "ENG"]

1. c4 e6 2. g3 f5 3. Bg2 Nf6 4. Nf3 Be7 5. 0-0 0-0 6. Nc3 d6 7. d4 Ne4 8. Qc2 Nxc3 9. Qxc3 a5 10. b3 Nc6 11. Bb2 Bf6 12. Qd2 e5 13. dxe5 dxe5 14. Qd5+ Kh8 15. Qxd8 Rxd8 16. Rfd1 Be6 17. Ne1 e4 18. Bxf6 gxf6 19. Nc2 a4 20. Ne3 Nd4 21. Nd5 Nxe2+ 22. Kf1 Bxd5 23. Kxe2 Bf7 24. f3 Bh5 25. Rxd8+ Rxd8 26. bxa4 Rd3 27. Rd1 Ra3 28. Rd8+ Kg7 29. Bh3 Bxf3+ 30. Ke1 Rxa2 31. Rd2 Rxa4 32. Bxf5 e3 33. Rd7+ Kf8 34. Rd8+ Ke7 35. Rd7+ Ke8 36. Rxh7 Ra1+ 37. Bb1 Rxb1# 0-1

[Event "London Classic U2050 op 10th"]
[Site "London"]
[Date "2018.12.15"]
[Round "2"]
[White "Jamieson, Alexander"]
[Black "Forster, Matthew"]
[Result "0-1"]
[WhiteElo "1712"]
[BlackElo "1894"]
[PlyCount "64"]
[EventDate "2018.12.14"]
[EventType "swiss"]
[EventRounds "5"]
[EventCountry "ENG"]
[SourceTitle "CBM 187 Extra"]
[Source "ChessBase"]
[SourceDate "2018.11.04"]
[SourceVersion "1"]
[SourceVersionDate "2018.11.04"]
[SourceQuality "1"]

1. d4 d5 2. Nf3 Nf6 3. c4 dxc4 4. Nc3 e6 5. e4 Be7 6. Bxc4 0-0 7. Bg5 a6 8. 0-0 b5 9. Bd3 Bb7 10. Rc1 Nbd7 11. e5 Nd5 12. Nxd5 Bxg5 13. Nxg5 Qxg5 14. f4 Qd8 15. Ne3 Rc8 16. b4 Qe7 17. a3 Rfd8 18. Qg4 f5 19. Qh3 Nf8 20. Nc2 Rd7 21. Rce1 Rcd8 22. Re3 Ng6 23. g4 c5 24. gxf5 exf5 25. Bxf5 cxd4 26. Rg3 d3 27. Rxg6 dxc2 28. Re6 g5 29. Rxe7 Rxe7 30. Be6+ Kh8 31. Qf5 gxf4 32. Bf7 Rg8+ 0-1